Christmas Emoji Quiz!!! - Statistics

General Stats
  • This quiz has been taken 315 times
  • The average score is 11 of 12
Answer Stats
Hint Answer % Correct
🎄 Christmas Tree
98%
🔴👃🦌 Rudolph
98%
🎅 Santa Claus
98%
Snow
98%
🌟 Star
98%
🔥 Fire
97%
🎁 Present
97%
👼 Angel
95%
🕯️ Candle
95%
✝️ Jesus
94%
Snowman
94%
🌰 Chestnut
58%
No matching quizzes found
Score Distribution
Percent of People with Each Score
Percentile by Number Answered
Your Score History
You have not taken this quiz